000 00785nam a2200193 a 4500
005 20140414093840.0
008 071002s19uu xx 00 eng d
050 _aDVD 790
_bSNI 2005
100 _aSnicket, Lemony
245 _aA series of unfortunate events /
_cLemony Snicket.
260 _aSl :
_bDream Works Home Entertainment,
_cc2005.
300 _a1 video disk (105.53 min.)
500 _aCast: Carrey, Jim, 1962-
520 _aWhen their wealthy parents are killed in a fire, the three Summary: Baudelaire orphans, Klaus, Violet and Sunny, are sent to live with a distant relative, the evil Count Olaf. They soon find out that he is plotting to kill them and seize their fortune.
650 _aFilm adaptations.
650 _aFilm.
942 _cAVM
999 _c109259
_d109259